[Event "Mondiale Lampo FIDE 2019"]
[Site "Mosca"]
[Date "30.12.2019"]
[Round "20.39"]
[White "Tari, Aryan"]
[Black "Xu, Yinglun"]
[Result "1/2-1/2"]
[WhiteTitle "GM"]
[BlackTitle "GM"]
[WhiteElo "2634"]
[BlackElo "2555"]
[WhiteFideId "1510045"]
[BlackFideId "8604940"]
[EventDate "2019.12.29"]

1. e4 e6 2. d4 d5 3. Nc3 Nf6 4. e5 Nfd7 5. f4 c5 6. Nf3 Nc6 7. Be3 a6 8. Qd2 b5
9. Nd1 b4 10. Be2 Qb6 11. c3 bxc3 12. Nxc3 Qa7 13. Rd1 cxd4 14. Nxd4 Nxd4 15.
Bxd4 Bc5 16. Na4 Bxd4 17. Qxd4 O-O 18. Qxa7 Rxa7 19. Rc1 g5 20. g3 f6 21. exf6
gxf4 22. gxf4 Nxf6 23. Nc5 Rc7 24. Kd1 a5 25. Rg1+ Kf7 26. Nd3 Rxc1+ 27. Kxc1
Ne4 28. Ne5+ Ke7 29. Rf1 Rg8 30. Bf3 Bb7 31. Kd1 Nd6 32. Kd2 Nf5 33. Rc1 Kd6 34.
Nf7+ Kd7 35. Ne5+ Kd6 36. Ke2 Nd4+ 37. Kf2 Nxf3 38. Nxf3 Rg4 39. Ke3 Rg2 40. Ne5 1/2-1/2

[Event "Mondiale Lampo FIDE 2019"]
[Site "Mosca"]
[Date "30.12.2019"]
[Round "20.40"]
[White "Piorun, Kacper"]
[Black "Melkumyan, Hrant"]
[Result "0-1"]
[WhiteTitle "GM"]
[BlackTitle "GM"]
[WhiteElo "2611"]
[BlackElo "2668"]
[WhiteFideId "1130420"]
[BlackFideId "13302485"]
[EventDate "2019.12.29"]

1. d4 Nf6 2. Bg5 d5 3. Nd2 Bf5 4. Ngf3 Nbd7 5. e3 e6 6. Be2 h6 7. Bh4 Be7 8. O-O
O-O 9. c4 c6 10. Qb3 Qc8 11. Rac1 a5 12. Bd3 a4 13. Qc2 Bxd3 14. Qxd3 Qd8 15. b3
axb3 16. axb3 Ra2 17. Ra1 Qa5 18. Rxa2 Qxa2 19. Ne5 Re8 20. Nxd7 Nxd7 21. Bxe7
Rxe7 22. Qc3 Qa8 23. Ra1 Qb8 24. Qa5 Re8 25. b4 dxc4 26. Nxc4 e5 27. Qa7 Qc7 28.
h3 g6 29. Rd1 e4 30. Na5 Rb8 31. Nc4 Nf6 32. Qa5 Qe7 33. b5 c5 34. Qa7 Rc8 35.
d5 Rd8 36. d6 Qe6 37. Qxc5 Rc8 38. d7 Rxc5 39. d8=Q+ Kg7 40. Nd6 Rg5 41. Kf1 Re5
42. Kg1 Qb3 43. Rc1 Re6 44. Rc8 Qd1+ 45. Kh2 Qxd6+ 46. Qxd6 Rxd6 0-1

[Event "Mondiale Lampo FIDE 2019"]
[Site "Mosca"]
[Date "30.12.2019"]
[Round "20.41"]
[White "Iljiushenok, Ilia"]
[Black "Smirin, Ilia"]
[Result "1-0"]
[WhiteTitle "GM"]
[BlackTitle "GM"]
[WhiteElo "2521"]
[BlackElo "2607"]
[WhiteFideId "24105074"]
[BlackFideId "2801990"]
[EventDate "2019.12.29"]

1. e4 c5 2. Nf3 e6 3. d4 cxd4 4. Nxd4 a6 5. Nc3 Qc7 6. Qf3 d6 7. Qg3 Nc6 8. Be3
Nxd4 9. Bxd4 Ne7 10. O-O-O Nc6 11. Be3 b5 12. Bd3 Ne5 13. f4 Nxd3+ 14. Rxd3 b4
15. Ne2 Bb7 16. e5 dxe5 17. fxe5 Be4 18. Rd2 Rc8 19. Nd4 Bg6 20. h4 h5 21. Rhd1
Be7 22. Kb1 O-O 23. Ka1 Rfd8 24. Qf4 Rd5 25. Nf3 Rxd2 26. Rxd2 Bxc2 27. Nd4 Bg6
28. Rd1 a5 29. Qg3 Kh7 30. Nf3 Qc2 31. Qe1 Rd8 32. Rxd8 Bxd8 33. Bg5 Bb6 34. g3
a4 35. Bd2 a3 36. Ng5+ Kg8 37. Qc1 axb2+ 38. Qxb2 Bd4 1-0

[Event "Mondiale Lampo FIDE 2019"]
[Site "Mosca"]
[Date "30.12.2019"]
[Round "20.42"]
[White "Bartel, Mateusz"]
[Black "Christiansen, Johan-Sebastian"]
[Result "0-1"]
[WhiteTitle "GM"]
[BlackTitle "GM"]
[WhiteElo "2634"]
[BlackElo "2597"]
[WhiteFideId "1112635"]
[BlackFideId "1512668"]
[EventDate "2019.12.29"]

1. e4 e5 2. Nf3 Nc6 3. Bb5 f5 4. d3 fxe4 5. dxe4 Nf6 6. Qd3 Bb4+ 7. Bd2 Bxd2+ 8.
Nbxd2 d6 9. Bxc6+ bxc6 10. O-O-O O-O 11. h3 Qe7 12. Rhe1 a5 13. Qc3 Bd7 14. a4
Nh5 15. g3 Bxh3 16. Qxc6 Bg4 17. Re3 Rab8 18. Rh1 Nf6 19. Ng5 h6 20. Qc4+ Kh8
21. f4 Rb4 22. Qc6 Bd7 23. Qxc7 Rxa4 24. b3 Ra1+ 25. Nb1 exf4 26. gxf4 Ng4 27.
Qc3 Ra2 28. Reh3 Rc8 29. Rxh6+ Nxh6 30. Rxh6+ Kg8 31. Qd4 Rcxc2+ 32. Kd1 Bg4+
33. Ke1 Rc1+ 34. Qd1 Rxd1# 0-1

[Event "Mondiale Lampo FIDE 2019"]
[Site "Mosca"]
[Date "30.12.2019"]
[Round "20.43"]
[White "Timofeev, Artyom"]
[Black "Zvjaginsev, Vadim"]
[Result "0-1"]
[WhiteTitle "GM"]
[BlackTitle "GM"]
[WhiteElo "2588"]
[BlackElo "2627"]
[WhiteFideId "4140419"]
[BlackFideId "4113403"]
[EventDate "2019.12.29"]

1. c4 e5 2. e3 Nf6 3. Nc3 g6 4. Nf3 d6 5. d3 Bg7 6. g3 O-O 7. Bg2 Re8 8. O-O c6
9. e4 a5 10. h3 Na6 11. Be3 h6 12. Qd2 Kh7 13. b3 Be6 14. d4 Bd7 15. Rfe1 b5 16.
Rad1 b4 17. Na4 exd4 18. Nxd4 Nxe4 19. Qc2 f5 20. g4 Qf6 21. gxf5 gxf5 22. Nb6
Rad8 23. Nxd7 Rxd7 24. f3 Ng3 25. Bf2 Rxe1+ 26. Rxe1 Qg6 27. Nxc6 f4 28. Qxg6+
Kxg6 29. h4 Nc5 30. Bh3 Rc7 31. Ne7+ Kh7 32. Nd5 Rf7 33. Rd1 Be5 34. Kh2 h5 35.
Nb6 Rg7 36. Nc8 Nce4 37. fxe4 f3 38. Bxg3 Rxg3 39. Bf5+ Kh6 40. Kh1 Rg2 41. Ne7
Rh2+ 42. Kg1 f2+ 43. Kf1 Rh1+ 44. Ke2 Rxd1 45. Kxf2 Rd2+ 46. Kf3 Rxa2 47. Bd7
Rc2 48. Ba4 Rc3+ 49. Ke2 Kg7 50. Nc6 Rh3 51. Nxa5 Rxh4 52. Nc6 Bc3 53. Ne7 Kf6
54. Nf5 Rh3 55. Nxd6 h4 56. Nf5 Ke5 57. Bc6 Bd4 58. Ba4 Kxe4 59. Nd6+ Ke5 60.
Nf7+ Kf4 61. Nd6 Re3+ 62. Kd2 h3 63. Bc6 Rxb3 0-1

[Event "Mondiale Lampo FIDE 2019"]
[Site "Mosca"]
[Date "30.12.2019"]
[Round "20.44"]
[White "Popov, Ivan RUS"]
[Black "Sanal, Vahap"]
[Result "1-0"]
[WhiteTitle "GM"]
[BlackTitle "GM"]
[WhiteElo "2636"]
[BlackElo "2549"]
[WhiteFideId "4170350"]
[BlackFideId "6300545"]
[EventDate "2019.12.29"]

1. e4 Nc6 2. Nc3 e5 3. Bc4 Nf6 4. d3 Na5 5. a3 Nxc4 6. dxc4 d6 7. Nge2 Be7 8. f3
Be6 9. b3 c6 10. Be3 O-O 11. O-O d5 12. cxd5 cxd5 13. exd5 Nxd5 14. Nxd5 Bxd5
15. c4 Be6 16. Nc3 Bg5 17. Bf2 Qf6 18. Ne4 Qg6 19. Nxg5 Qxg5 20. Qe2 a6 21. Rae1
f6 22. f4 Qxf4 23. Bc5 Qg5 24. Bxf8 Rxf8 25. Qe3 Qg6 26. Rd1 h5 27. Rd6 Bf5 28.
Qg3 Qh7 29. h4 Bg4 30. Rf2 Qb1+ 31. Kh2 Re8 32. Rfd2 Kh7 33. Qd3+ Qxd3 34. R2xd3
Kg6 35. Kg3 Kf5 36. Rd8 Re6 37. R3d6 Rxd6 38. Rxd6 Ke4 39. Kf2 f5 40. g3 f4 41.
gxf4 Kxf4 42. Rb6 e4 43. Rxb7 e3+ 44. Ke1 g5 45. hxg5 Kxg5 46. Rg7+ Kf6 47. Rxg4
hxg4 48. Ke2 a5 49. b4 axb4 50. axb4 Kg5 51. Kxe3 Kh4 52. Kf2 Kh3 53. Kg1 1-0

[Event "Mondiale Lampo FIDE 2019"]
[Site "Mosca"]
[Date "30.12.2019"]
[Round "20.45"]
[White "Yuffa, Daniil"]
[Black "Laznicka, Viktor"]
[Result "1-0"]
[WhiteTitle "GM"]
[BlackTitle "GM"]
[WhiteElo "2566"]
[BlackElo "2648"]
[WhiteFideId "24131423"]
[BlackFideId "316385"]
[EventDate "2019.12.29"]

1. d4 d5 2. c4 c6 3. Nf3 Nf6 4. Nc3 a6 5. e3 b5 6. b3 Bg4 7. a4 bxc4 8. bxc4
Nbd7 9. a5 e6 10. c5 Ne4 11. Nxe4 dxe4 12. h3 Bh5 13. g4 Bg6 14. Nd2 e5 15. Bg2
exd4 16. exd4 Nf6 17. Nc4 Be7 18. O-O O-O 19. Ne5 Qc8 20. Qa4 h5 21. Qxc6 Qd8
22. g5 Qxd4 23. Nxg6 fxg6 24. Qe6+ Kh7 25. gxf6 1-0

[Event "Mondiale Lampo FIDE 2019"]
[Site "Mosca"]
[Date "30.12.2019"]
[Round "20.46"]
[White "Antipov, Mikhail Al."]
[Black "Golubov, Saveliy"]
[Result "0-1"]
[WhiteTitle "GM"]
[BlackTitle "IM"]
[WhiteElo "2549"]
[BlackElo "2469"]
[WhiteFideId "4107012"]
[BlackFideId "24176729"]
[EventDate "2019.12.29"]

1. e4 g6 2. d4 Bg7 3. Nf3 d6 4. Be3 c6 5. Qd2 Nd7 6. c4 e5 7. Nc3 Ngf6 8. h3 O-O
9. d5 cxd5 10. cxd5 Nc5 11. Bd3 Nxd3+ 12. Qxd3 Nh5 13. g4 Nf4 14. Bxf4 exf4 15.
O-O-O b5 16. Kb1 b4 17. Ne2 Qb6 18. Ned4 Bd7 19. Qd2 Rac8 20. Qxf4 Rc4 21. Qe3
Re8 22. Rhe1 a5 23. Qd3 Rc5 24. Rc1 a4 25. Rxc5 dxc5 26. Nc6 Bxc6 27. dxc6 c4
28. Qxc4 Qxf2 29. Qe2 Qb6 30. Rc1 a3 31. e5 b3 32. bxa3 bxa2+ 33. Kxa2 Ra8 34.
c7 Bf8 35. c8=Q Rxa3# 0-1

[Event "Mondiale Lampo FIDE 2019"]
[Site "Mosca"]
[Date "30.12.2019"]
[Round "20.47"]
[White "Utegaliyev, Azamat"]
[Black "Vastrukhin, Oleg"]
[Result "0-1"]
[BlackTitle "IM"]
[WhiteElo "2502"]
[BlackElo "2428"]
[WhiteFideId "13702467"]
[BlackFideId "4192770"]
[EventDate "2019.12.29"]

1. e4 e6 2. d3 d5 3. Nd2 Nf6 4. Ngf3 Be7 5. g3 b6 6. Bg2 Bb7 7. exd5 Bxd5 8. O-O
O-O 9. b3 c5 10. Bb2 Qc7 11. Nc4 Nbd7 12. a4 Qb7 13. a5 b5 14. a6 Qc7 15. Ne3
Bc6 16. Qe2 Rac8 17. h4 Rfd8 18. Rfe1 Qb8 19. Ng5 Bxg2 20. Nxg2 Nf8 21. Nf4 c4
22. bxc4 bxc4 23. Be5 cxd3 24. Bxb8 dxe2 25. Bxa7 Ra8 26. Be3 Rd1 27. a7 Ng4 28.
Nxe2 Rxe1+ 29. Rxe1 Nxe3 30. fxe3 Bxg5 31. hxg5 Rxa7 32. Nf4 Ra5 33. Rd1 Rxg5
34. Kf2 Rc5 35. Rd2 g5 36. Nd3 Rc7 37. Ne5 f6 38. Nf3 Kf7 39. Nd4 f5 40. Nb5 Rc5
41. c4 Kf6 42. Na3 Ng6 43. Rb2 Ne5 44. Rb5 Rc7 45. Rb1 Rc8 46. Ke2 Nxc4 47. Nb5
Rb8 48. Nc3 Rxb1 49. Nxb1 Nd6 50. Kf3 g4+ 51. Kg2 Ke5 52. Nd2 Kd5 53. Nb3 Nc4
54. Kf2 e5 55. Ke2 Nd6 56. Kf2 Ne4+ 57. Kg2 h5 58. Nc1 Nc5 59. Kf2 Kc4 60. Ne2
Ne4+ 61. Kg2 Kd3 62. Ng1 Kxe3 63. Kh2 f4 64. Kg2 f3+ 65. Kh2 f2 0-1

[Event "Mondiale Lampo FIDE 2019"]
[Site "Mosca"]
[Date "30.12.2019"]
[Round "20.48"]
[White "Kazakouski, Valery"]
[Black "Anton Guijarro, David"]
[Result "1-0"]
[WhiteTitle "IM"]
[BlackTitle "GM"]
[WhiteElo "2485"]
[BlackElo "2685"]
[WhiteFideId "13507443"]
[BlackFideId "2285525"]
[EventDate "2019.12.29"]

1. d4 f5 2. Bg5 g6 3. e3 Bg7 4. Nd2 d6 5. h4 h6 6. Bf4 e5 7. dxe5 dxe5 8. Bg3
Be6 9. c3 Nd7 10. Ngf3 Qe7 11. Qa4 c6 12. O-O-O Nb6 13. Qa5 e4 14. Ne5 Bxe5 15.
Bxe5 Nf6 16. Nb3 O-O 17. Bd6 Qf7 18. Bxf8 Rxf8 19. Kc2 Ng4 20. Rd2 Bc4 21. Qxa7
Bd3+ 22. Bxd3 exd3+ 23. Rxd3 Nxf2 24. Qxb6 Nxh1 25. Nc5 f4 26. e4 Ng3 27. Rd7
Qc4 28. Qxb7 Nh5 29. Qb3 Qxb3+ 30. Kxb3 Re8 31. Rd6 Kf7 32. Rxc6 g5 33. Rxh6
Rb8+ 34. Kc2 Nf6 35. hxg5 Ng4 36. Rd6 Ne3+ 37. Kb1 Nxg2 38. Nd3 Ke7 39. Rf6 Ne3
40. Nxf4 Nc4 41. Nd5+ Kd7 42. b4 Nd2+ 43. Kc2 Nxe4 44. Rg6 Nd6 45. Kb3 Kc6 46.
c4 Re8 47. c5 Kb5 48. Nc3+ 1-0

[Event "Mondiale Lampo FIDE 2019"]
[Site "Mosca"]
[Date "30.12.2019"]
[Round "20.49"]
[White "Meier, Georg"]
[Black "Rakhmanov, Aleksandr"]
[Result "1-0"]
[WhiteTitle "GM"]
[BlackTitle "GM"]
[WhiteElo "2626"]
[BlackElo "2645"]
[WhiteFideId "4675789"]
[BlackFideId "4173708"]
[EventDate "2019.12.29"]

1. Nf3 d5 2. g3 g6 3. Bg2 Bg7 4. d4 Nf6 5. c4 c6 6. cxd5 cxd5 7. Nc3 O-O 8. Ne5
e6 9. O-O Bd7 10. Bg5 Bc6 11. Qd2 Qb6 12. Rac1 Nfd7 13. Nf3 a5 14. Rfd1 Na6 15.
a3 Nc7 16. Bh6 Rac8 17. h4 Nb5 18. Nxb5 Bxb5 19. Bxg7 Kxg7 20. h5 Ba4 21. Re1
Bc6 22. Rc3 Qd8 23. h6+ Kg8 24. Rec1 Ra8 25. Qf4 Qe7 26. Ne5 Nxe5 27. dxe5 f6
28. exf6 Qxf6 29. Qxf6 Rxf6 30. Re3 g5 31. Re5 Rg6 32. Bf3 g4 33. Bg2 Rxh6 34.
e4 d4 35. Rd1 Rd8 36. Rxa5 Kf7 37. e5 Bxg2 38. Kxg2 Rh5 39. Rd3 Rd7 40. Ra4 Rxe5
41. Raxd4 Rxd4 42. Rxd4 Rb5 43. b4 h5 44. a4 Rb6 45. Rd7+ Ke8 46. Rd4 Rc6 47. b5
Rc2 48. Rd6 Ke7 49. Rb6 Rc7 50. a5 Rd7 51. Kf1 Kf6 52. Ke2 Kf5 53. Ke3 Ke5 54.
a6 bxa6 55. bxa6 Rd1 56. Rb5+ Kf6 57. Ra5 Rd8 58. a7 Ra8 59. Kd4 e5+ 60. Ke4 Kg6
61. Kxe5 1-0

[Event "Mondiale Lampo FIDE 2019"]
[Site "Mosca"]
[Date "30.12.2019"]
[Round "20.50"]
[White "Kobalia, Mikhail"]
[Black "Jakovenko, Dmitry"]
[Result "1-0"]
[WhiteTitle "GM"]
[BlackTitle "GM"]
[WhiteElo "2609"]
[BlackElo "2698"]
[WhiteFideId "4119150"]
[BlackFideId "4122356"]
[EventDate "2019.12.29"]

1. e4 c5 2. Nf3 d6 3. Bb5+ Nd7 4. O-O Nf6 5. Re1 a6 6. Bf1 b6 7. d4 cxd4 8. Nxd4
Bb7 9. f3 e6 10. c4 Be7 11. Nc3 O-O 12. Be3 Rc8 13. Qd2 Qc7 14. Kh1 Qb8 15. Rac1
Bd8 16. b4 Bc7 17. h3 Rfe8 18. Bg1 h5 19. Bh2 Nf8 20. Nb3 Ng6 21. c5 dxc5 22.
Bxc7 Qxc7 23. bxc5 b5 24. Qg5 h4 25. a4 a5 26. Nxb5 1-0

[Event "Mondiale Lampo FIDE 2019"]
[Site "Mosca"]
[Date "30.12.2019"]
[Round "20.51"]
[White "Riazantsev, Alexander"]
[Black "Santos Ruiz, Miguel"]
[Result "0-1"]
[WhiteTitle "GM"]
[BlackTitle "GM"]
[WhiteElo "2639"]
[BlackElo "2585"]
[WhiteFideId "4125029"]
[BlackFideId "22291482"]
[EventDate "2019.12.29"]

1. d4 Nf6 2. c4 e6 3. Nf3 d5 4. Bg5 dxc4 5. e4 h6 6. Bxf6 Qxf6 7. Bxc4 c5 8. O-O
cxd4 9. e5 Qd8 10. Nbd2 Be7 11. Qe2 Bd7 12. Nxd4 Nc6 13. N4f3 Qc7 14. Rac1 O-O
15. Qe4 Rfd8 16. Bd3 g6 17. Qf4 Kg7 18. Ne4 Be8 19. Bb1 Qb6 20. b3 Nd4 21. Nxd4
Rxd4 22. Qg3 Rad8 23. h4 Bc6 24. Nf6 Bxf6 25. exf6+ Kxf6 26. h5 g5 27. Rfe1 Qa5
28. a3 Rf4 29. b4 Qb6 30. Qc3+ Qd4 31. Qxd4+ Rfxd4 32. f3 Rd2 33. Be4 Bxe4 34.
Rxe4 Ra2 35. Rc7 Rdd2 36. Rg4 Rxa3 37. Rxb7 Raa2 38. Kh2 Rf2 39. Kh3 Rf1 40. Kg3
Rh1 41. b5 Rxh5 42. Rc4 Rh1 43. Rcc7 Rg1 44. Rxf7+ Ke5 45. Kg4 Rgxg2+ 46. Kh5
Rh2+ 47. Kg6 Rab2 48. Rh7 Rb3 49. Rxh6 Rxh6+ 50. Kxh6 Rxf3 51. Rxa7 g4 52. Kg5
g3 53. Ra1 Rf8 54. Re1+ Kd5 55. b6 g2 56. Rg1 Kc6 57. Kg6 Kxb6 58. Kg7 Rf2 59.
Kg6 e5 60. Kg5 e4 61. Kg4 Kc5 62. Kg3 e3 63. Rxg2 Rxg2+ 64. Kxg2 Kc4 65. Kf1 Kd3
66. Ke1 e2 0-1

[Event "Mondiale Lampo FIDE 2019"]
[Site "Mosca"]
[Date "30.12.2019"]
[Round "20.52"]
[White "Vavulin, Maxim"]
[Black "Alekseev, Evgeny"]
[Result "0-1"]
[WhiteTitle "GM"]
[BlackTitle "GM"]
[WhiteElo "2556"]
[BlackElo "2620"]
[WhiteFideId "4169530"]
[BlackFideId "4138147"]
[EventDate "2019.12.29"]

1. e4 c5 2. Nf3 e6 3. d4 cxd4 4. Nxd4 Nc6 5. Nc3 a6 6. Qd3 Qc7 7. Be2 Nf6 8.
Nxc6 bxc6 9. Qg3 Qxg3 10. hxg3 d5 11. Bd3 Bb7 12. Bd2 Bd6 13. O-O-O O-O-O 14.
Rde1 Ng4 15. Nd1 Ne5 16. Bf1 h5 17. Bc3 f6 18. exd5 exd5 19. Ne3 g6 20. f4 Nd7
21. Bd3 Rhg8 22. f5 Bxg3 23. Ref1 Ne5 24. Ba5 Rde8 25. Kd2 g5 26. Rxh5 Bf4 27.
Bb6 Nd7 28. Ba7 c5 0-1

[Event "Mondiale Lampo FIDE 2019"]
[Site "Mosca"]
[Date "30.12.2019"]
[Round "20.53"]
[White "Alekseenko, Kirill"]
[Black "Ivanisevic, Ivan"]
[Result "1-0"]
[WhiteTitle "GM"]
[BlackTitle "GM"]
[WhiteElo "2704"]
[BlackElo "2593"]
[WhiteFideId "4135539"]
[BlackFideId "912417"]
[EventDate "2019.12.29"]

1. d4 Nf6 2. Nc3 d5 3. Bf4 g6 4. e3 Bg7 5. h4 c5 6. Nb5 O-O 7. Nc7 Nh5 8. Bh2
cxd4 9. exd4 Nc6 10. Nxa8 e5 11. Be2 Nxd4 12. Bxh5 gxh5 13. c3 Nc6 14. Qxh5 Be6
15. Nf3 f6 16. Nd2 Qxa8 17. O-O Qc8 18. Qf3 f5 19. Nb3 b6 20. Rfe1 f4 21. Qe2
Bf5 22. Rad1 Ne7 23. Bxf4 Bg4 24. f3 Bxf3 25. Qxf3 Rxf4 26. Qh5 Qe6 27. Nd4 Qf6
28. Qe8+ Bf8 29. Nf3 e4 30. Ng5 h6 31. Nh3 Rf5 32. Rf1 e3 33. Rxf5 Nxf5 34. Rxd5
Kg7 35. Nf4 Kg8 36. Nh5 Qf7 37. Qxf7+ Kxf7 38. Rxf5+ Kg6 39. Rxf8 1-0

[Event "Mondiale Lampo FIDE 2019"]
[Site "Mosca"]
[Date "30.12.2019"]
[Round "20.54"]
[White "Rychagov, Andrey"]
[Black "Sasikiran, Krishnan"]
[Result "1-0"]
[WhiteTitle "GM"]
[BlackTitle "GM"]
[WhiteElo "2545"]
[BlackElo "2656"]
[WhiteFideId "4119932"]
[BlackFideId "5004985"]
[EventDate "2019.12.29"]

1. d4 Nf6 2. c4 e6 3. Nf3 b6 4. a3 Bb7 5. Nc3 d5 6. Bg5 Be7 7. e3 Nbd7 8. cxd5
Nxd5 9. Bxe7 Qxe7 10. Nxd5 exd5 11. Bd3 g6 12. b4 O-O 13. O-O c6 14. Qc2 a5 15.
Qc3 Rfe8 16. Rfb1 a4 17. Re1 Qd6 18. Rac1 Rac8 19. Qc2 b5 20. e4 dxe4 21. Rxe4
Rxe4 22. Bxe4 Nf6 23. Rd1 Re8 24. Bd3 Bc8 25. Ne5 Qxd4 26. Nxc6 Qf4 27. g3 Qg5
28. Qc5 Qg4 29. Rc1 Qh3 30. Bf1 Qh6 31. Bxb5 Bd7 32. Bf1 Ne4 33. Qc2 Ng5 34. Bg2
Nh3+ 35. Kh1 Nxf2+ 36. Kg1 Qe3 37. Qc5 Qd2 38. Rf1 Ng4 39. Ne7+ Kg7 40. h3 Qe3+
41. Qxe3 Nxe3 42. Re1 Rxe7 43. Kf2 Nf5 44. Bf1 1-0

[Event "Mondiale Lampo FIDE 2019"]
[Site "Mosca"]
[Date "30.12.2019"]
[Round "20.55"]
[White "Perunovic, Milos"]
[Black "Zarnicki, Pablo"]
[Result "1-0"]
[WhiteTitle "GM"]
[BlackTitle "GM"]
[WhiteElo "2589"]
[BlackElo "2514"]
[WhiteFideId "921629"]
[BlackFideId "100137"]
[EventDate "2019.12.29"]

1. e4 e5 2. Nf3 Nf6 3. Nc3 Bb4 4. Nxe5 O-O 5. Nd3 Bxc3 6. dxc3 Nxe4 7. Be2 d6 8.
O-O Bf5 9. Nf4 Nd7 10. f3 Nec5 11. Be3 Re8 12. Qd2 Nf6 13. Rfe1 Ne6 14. Nxe6
Bxe6 15. c4 Nd7 16. Bd4 b6 17. b3 a5 18. Bc3 f6 19. f4 Nc5 20. Bf3 Rb8 21. Bc6
Bd7 22. Bd5+ Kh8 23. Rxe8+ Qxe8 24. Re1 Qf8 25. a3 Re8 26. b4 axb4 27. axb4 Na6
28. Ra1 Nb8 29. Ra7 Rc8 30. b5 Qe8 31. h3 Be6 32. Bb7 Rd8 33. Qd4 Nd7 34. Bc6
Rc8 35. Qe4 Nc5 36. Qd4 Qf7 37. Kh2 h6 38. Bb4 Bxc4 39. Qc3 Be6 40. g4 Bd5 41.
Qe3 Bxc6 42. bxc6 Kg8 43. Bxc5 dxc5 44. Kg3 Re8 45. Qd3 Qe7 46. c4 Qe1+ 47. Kf3
Qh1+ 48. Kg3 Qg1+ 49. Kf3 Qh1+ 50. Kg3 Qxc6 51. Kh4 Qe4 52. Qd7 g5+ 53. Kh5 Qe7
54. Qxe7 Rxe7 55. Kg6 Re8 56. f5 Rc8 57. Kxf6 Kf8 58. Kg6 Ke7 59. Ra1 c6 60.
Re1+ Kd6 61. f6 b5 62. f7 Rf8 63. Kg7 Rxf7+ 64. Kxf7 bxc4 65. Kg6 Kd5 66. Kxh6
c3 1-0

[Event "Mondiale Lampo FIDE 2019"]
[Site "Mosca"]
[Date "30.12.2019"]
[Round "20.56"]
[White "Can, Emre"]
[Black "Hansen, Eric"]
[Result "0-1"]
[WhiteTitle "GM"]
[BlackTitle "GM"]
[WhiteElo "2600"]
[BlackElo "2606"]
[WhiteFideId "6302181"]
[BlackFideId "2606771"]
[EventDate "2019.12.29"]

1. e4 c5 2. Nc3 Nc6 3. Bb5 Nd4 4. Bc4 e6 5. Nge2 a6 6. a4 Ne7 7. O-O Nec6 8. d3
Be7 9. f4 d6 10. Ng3 g6 11. Kh1 h5 12. Nge2 Rb8 13. Nxd4 Nxd4 14. Be3 b5 15. Ba2
h4 16. Ne2 Nxe2 17. Qxe2 bxa4 18. Bd2 h3 19. g4 d5 20. exd5 Rxb2 21. Bc3 Rxa2
22. Rxa2 Qxd5+ 23. Qe4 Bb7 24. Kg1 Qxa2 25. Qxb7 O-O 26. Rf2 Bh4 27. Re2 Qd5 28.
Qxd5 exd5 29. Re5 Bf6 0-1

[Event "Mondiale Lampo FIDE 2019"]
[Site "Mosca"]
[Date "30.12.2019"]
[Round "20.59"]
[White "Kryakvin, Dmitry"]
[Black "Esipenko, Andrey"]
[Result "1/2-1/2"]
[WhiteTitle "GM"]
[BlackTitle "GM"]
[WhiteElo "2596"]
[BlackElo "2642"]
[WhiteFideId "4153278"]
[BlackFideId "24175439"]
[EventDate "2019.12.29"]

1. d4 Nf6 2. c4 e6 3. Nf3 d5 4. Qc2 dxc4 5. Qxc4 a6 6. Bf4 Bd6 7. Bg3 b5 8. Qc2
Bb7 9. Nbd2 Nc6 10. e3 Qe7 11. Be2 Nb4 12. Qc1 Rc8 13. a3 Nbd5 14. b4 O-O 15.
O-O Nb6 16. Nb3 Bd5 17. Nc5 Ra8 18. Ne5 Ne4 19. Nxe4 Bxe4 20. Bf3 Bxf3 21. Nxf3
a5 22. Qc6 Qd7 23. Qxd7 Nxd7 24. Bxd6 cxd6 25. Rfb1 Nb6 26. bxa5 Rxa5 27. Nd2
Nd5 28. Nb3 Ra6 29. Nd2 Rb8 30. Rb3 g6 31. Rab1 Ra5 32. Nc4 bxc4 33. Rxb8+ Kg7
34. Rc8 Nc3 35. Ra1 d5 36. Kf1 Na4 37. Rb1 Nc3 38. Ra1 Na4 39. Rb1 Nc3 40. Ra1
Kf6 41. Rc7 Na4 42. Rb1 Nc3 43. Rbb7 Rxa3 44. g3 Ne4 45. h4 Nd6 46. Rb6 Ne8 47.
Rc8 Ng7 48. Rb7 Nf5 49. Rcc7 Nd6 50. Rb6 Nf5 51. Rbb7 Nd6 52. Rb6 Ra1+ 53. Kg2
Nf5 54. Rbb7 Nd6 55. Rb6 Ne8 56. Rc8 Ng7 57. Rc7 Ne8 58. Rc8 Ng7 59. Rc7 Nf5 60.
Rbb7 Nd6 61. Rb6 1/2-1/2

[Event "Mondiale Lampo FIDE 2019"]
[Site "Mosca"]
[Date "30.12.2019"]
[Round "20.60"]
[White "Bologan, Victor"]
[Black "Vishnu Prasanna, V"]
[Result "1-0"]
[WhiteTitle "GM"]
[BlackTitle "GM"]
[WhiteElo "2574"]
[BlackElo "2493"]
[WhiteFideId "13900048"]
[BlackFideId "5030692"]
[EventDate "2019.12.29"]

1. e4 c5 2. Nf3 d6 3. d4 cxd4 4. Nxd4 Nf6 5. Nc3 a6 6. Be3 e5 7. Nf3 Be7 8. Bc4
Qc7 9. Bb3 O-O 10. O-O b5 11. Bg5 Bb7 12. Bxf6 Bxf6 13. Nd5 Bxd5 14. Bxd5 Ra7
15. a4 Nd7 16. Qe2 Rb8 17. axb5 Rxb5 18. b3 Nb6 19. Rxa6 Rc5 20. Rxa7 Qxa7 21.
c4 Qa3 22. Rb1 Qb4 23. Qd2 Nxd5 24. exd5 Rxc4 25. Ra1 1-0

[Event "Mondiale Lampo FIDE 2019"]
[Site "Mosca"]
[Date "30.12.2019"]
[Round "20.61"]
[White "Frolyanov, Dmitry"]
[Black "Kezin, Roman"]
[Result "0-1"]
[WhiteTitle "GM"]
[BlackTitle "IM"]
[WhiteElo "2556"]
[BlackElo "2470"]
[WhiteFideId "4151976"]
[BlackFideId "24124621"]
[EventDate "2019.12.29"]

1. e4 c5 2. Nf3 e6 3. d4 cxd4 4. Nxd4 Nc6 5. Nc3 Qc7 6. Be3 a6 7. Be2 Nf6 8. O-O
Be7 9. f4 d6 10. a4 O-O 11. Kh1 Rd8 12. Bd3 Nxd4 13. Bxd4 e5 14. Be3 exf4 15.
Rxf4 Be6 16. a5 d5 17. exd5 Nxd5 18. Nxd5 Rxd5 19. Qe1 Bg5 20. Rd4 Re5 21. Re4
Bxe3 22. Rxe3 Rg5 23. Be4 Rd8 24. h3 h6 25. Qc3 Rc5 26. Qb4 Rb5 27. Qa3 Qf4 28.
Rae1 Rd2 29. Qc3 Rd8 30. Rf3 Qh4 31. Rg3 Rg5 32. Rxg5 hxg5 33. Kh2 g4 34. Qg3
Qg5 35. Bxb7 Qxa5 36. hxg4 Bxg4 37. Be4 Qh5+ 38. Kg1 Be6 39. Bf3 Qc5+ 40. Qf2
Qb4 41. c3 Qb3 42. Be4 g6 43. Rf1 Qb5 44. Qf6 Qc5+ 45. Qf2 Qe5 46. Qf6 Qc5+ 47.
Qf2 Qc7 48. Qf6 Qc5+ 49. Qf2 Qb5 50. Qf6 Qb6+ 51. Qf2 Qb8 52. Qf6 Qb6+ 53. Qf2
Qc7 54. Qf6 Qb6+ 55. Qf2 Qd6 56. Qf6 Qc5+ 57. Qf2 Qh5 58. Qf6 Rd2 59. Qf4 Rxb2
60. Qd6 Qg5 61. Qd4 Rd2 62. Qb6 a5 63. Qb8+ Kg7 64. Qb6 a4 65. c4 Qe5 66. Bd5
Bxd5 67. cxd5 Qxd5 68. Qf6+ Kg8 69. Rf2 Rxf2 70. Kxf2 a3 0-1